00320nam a2200121Ia 4500008004100000020001400041050001500055100001700070245003500087260003900122300002400161650001300185150202s9999 xx 000 0 und d a330266357 aFIC bFIC  aSharpe, Tom. aAncestral vices /cTom Sharpe. aGreat Britain :bPan Books,c1980. a233 pages :c18 cm. aFiction.